| 000 | 00653nam a2200217Ia 4500 | ||
|---|---|---|---|
| 005 | 20250326144706.0 | ||
| 008 | 250326s9999 xx 000 0 und d | ||
| 020 | _a0 415 43087 9 | ||
| 037 | _aTextbook | ||
| 040 |
_aFMSL _beng _cFMSL |
||
| 041 |
_aeng _2eng |
||
| 084 |
_aR4 P7 _qFMSL |
||
| 100 | _aCampbell A | ||
| 245 | 0 |
_aEthical approach to practitioner research : dealing with issues and dilemmas in action research _cCampbell A; Groundwater-smith S |
|
| 260 |
_aLondon _bLondon, Routledge _c2007 |
||
| 300 | _a189p | ||
| 365 | _b6416.1000000000004 | ||
| 650 | _aManagement | ||
| 942 |
_cTB _hR4 P7 |
||
| 999 |
_c1304641 _d1304641 |
||